• 首页
  • 本馆介绍
  • 公告通知
  • 最新文献
  • 馆藏检索
  • 电子资源
  • 读者导购
  • 参考咨询
  • 我的图书馆
  • 登录
  • 详细信息显示
  • 放入我的书架
  • 预约/预借图书
  • 作者相关作品
  • 分类相关作品
  • 丛书相关作品
  • 出版社相关作品

书目信息

  • 表格格式
  • 工作单格式
  • 卡片格式
题名:
夜壶
    
 
作者: 池宗宪 著
分册:  
出版信息: 北京   华艺出版社  1987
页数: 315页
开本: 19cm
丛书名:
单 册:
中图分类: D675.8
科图分类:
主题词: 政治--台湾省
电子资源:
ISBN: 7-80039-056-X
000 00681nam0 2200229 45
001 0187000567
005 20050622112124.5
010    @a7-80039-056-X@dCNY2.60
100    @a19900808d1987 em y0chiy0121 ea
101 0  @achi
102    @aCN@b110000
105    @af z 000yy
200 10 @a夜壶@Aye hu@e台湾黑社会真相@ETai Wan Hei She Hui Zhen Xiang@f池宗宪著@FChi Zong Xian Zhu
210    @a北京@c华艺出版社@d1987
215    @a315页@c图@d19cm
517    @a台湾黑社会真相@ATai Wan Hei She Hui Zhen Xiang
606 0  @a政治@x台湾省
690    @aD675.8@v3
701  0 @a池宗宪@4著
801  0 @aCN@b深圳图书馆@c20040424
801  2 @aCN@bNLC@c20040424
905    @dD675.8@e16@f1@b259823
    
    夜壶:台湾黑社会真相/池宗宪著.-北京:华艺出版社,1987
    315页:图;19cm
    
    
    ISBN 7-80039-056-X:CNY2.60
    
●
相关链接 在E读中查询图书 在五车中查询图书 在当当中查询图书 在豆瓣中查询图书


正题名:夜壶     索取号:D675.8/16         预约/预借

序号 登录号 条形码 馆藏地/架位号 状态 备注
1 0259823   000378763   第一样本阅览室/ [索取号:D675.8/16] 在馆    
2 0259824   000378772   第一借阅区/ [索取号:D675.8/16] 在馆    
3 0259825   000378781   第一借阅区/ [索取号:D675.8/16] 在馆    
4 0259826   000378754   第一借阅区/ [索取号:D675.8/16] 在馆    
5 0259827   000378790   第一借阅区/ [索取号:D675.8/16] 在馆    
唐山师范学院图书馆 欢迎您!
大连网信软件有限公司© 版权所有